000
00341nam a2200133Ia 4500
008
191206s9999 xx 000 0 und d
020
_a
869253220
090
_a
MLCS901057(P)
245
0
_a
Mitambo yavasikana navakomana pasichigare
260
_a
College Press
260
_c
c1984
300
_a
122 p. : ill. ; 21 cm.
999
_c
16504
_d
16504